Music Quiz

Random Music or Bands Quiz
Score 0/26 Timer 08:00
0 Plays Today
% Correct
Gun
100%
The Mother We Share
90.9%
Graffiti
81.8%
Bury It
81.8%
Down Side of Me
81.8%
Never Say Die
81.8%
Empty Threat
72.7%
Lies
72.7%
Leave a Trace
72.7%
Tether
72.7%
We Sink
63.6%
Afterglow
63.6%
Wonderland
63.6%
% Correct
Miracle
63.6%
Never Ending Circles
63.6%
Clearest Blue
63.6%
Dead Air
54.5%
Now Is Not the Time
54.5%
Really Gone
54.5%
Get Out
54.5%
Forever
45.5%
Heaven
45.5%
Out of My Head
45.5%
You Caught the Light
45.5%
Here With Me
36.4%
Strong Hand
27.3%
Remove Ads.
Support Sporcle.
Get the best of Sporcle when you Go Orange. This ad-free experience offers more features, more stats, and more fun while also helping to support Sporcle. Thank you for becoming a member.

You're not logged in!

Compare scores with friends on all Sporcle quizzes.
OR
Log In

Show Comments

Extras

Created Sep 23, 2019ReportNominate
Tags:Bands Quiz, indie

Top Quizzes Today


Score Distribution

Your Account Isn't Verified!

In order to create a playlist on Sporcle, you need to verify the email address you used during registration. Go to your Sporcle Settings to finish the process.

Report this User

Report this user for behavior that violates our Community Guidelines.

Details: